| 000 | 00536nam a2200193Ia 4500 | ||
|---|---|---|---|
| 005 | 20250326142334.0 | ||
| 008 | 250326s9999 xx 000 0 und d | ||
| 020 | _a81-224-0634-3 | ||
| 037 | _aTextbook | ||
| 040 |
_aFMSL _beng _cFMSL |
||
| 041 |
_aeng _2eng |
||
| 084 |
_aX:51:Z N4 _qFMSL |
||
| 100 |
_aSujan M A _9683298 |
||
| 245 | 0 |
_aMarketing and the laws _cSujan M A; Sujan H |
|
| 260 |
_aNew Delhi _bNew Delhi, Willy Estern Ltd. _c1994 |
||
| 300 | _a411p | ||
| 942 |
_cTB _hX:51:Z N4 |
||
| 999 |
_c1294551 _d1294551 |
||